000
00396nam a22001217a 4500
003
SGT
082
_a
301.2
_b
S20G
100
_a
घोष, चिंतामणी
245
_a
सरस्वती : भारतीय चेतना की ध्वजवाहिका
260
_b
इंडियन प्रेस पब्लिकेशंस
_c
2020
300
_a
332
942
_2
ddc
_c
BK
999
_c
29514
_d
29514